Statistics for Countries which border France

Click here to take the quiz!

General Stats

  • This quiz has been taken 18 times
  • The average score is 11 of 12

Answer Stats

HntAnswer% Correct
AAndorra
100%
BBelgium
100%
IItaly
100%
BBrazil
94%
GGermany
94%
MMonaco
94%
SSpain
94%
LLuxembourg
88%
NNetherlands
81%
SSuriname
81%
SSwitzerland
81%
LLiechtenstein
50%

Score Distribution

Percentile by Number Answered

Percent of People with Each Score

Your Score History

You have not taken this quiz